00486nam a22001457a 450000500170000000800410001702000150005804100080007308000130008110000260009424500720012026400190019230000270021165301020023820230913111057.0230913s1982 enk||||| |||| 00| 0 eng d a0500021023 aeng a902 K-21 aKarageorghis, Vassos aCyprus: bFrom the Stone Age to the Romans /c Vassos Karageorghis. aLondon,c1982. a207 p.:bill.;c26 cm. aკვიპროსი: ქვის ხანიდან რომაელებამდე